[Event "Titled Tuesday intern op 31st Jan Early"]
[Site "Chess.com INT"]
[Date "2023.01.31"]
[Round "1"]
[White "Dourerassou, Jonathan"]
[Black "Yirik, Volkan"]
[Result "1-0"]
[WhiteElo "2420"]
[BlackElo "1957"]
[PlyCount "65"]
[EventDate "2023.01.31"]
[EventType "swiss (blitz)"]
[EventRounds "11"]
[EventCountry "USA"]
[SourceTitle "CBM 212 Extra"]
[Source "ChessBase"]
[SourceDate "2023.03.31"]
[SourceVersion "1"]
[SourceVersionDate "2023.03.31"]
[SourceQuality "1"]

1. d4 Nf6 2. Bg5 e6 3. e4 h6 4. Bxf6 Qxf6 5. Nf3 d6 6. Nc3 a6 7. e5 dxe5 8. dxe5 Qe7 9. Qd2 g6 10. 0-0-0 Bg7 11. Ne4 0-0 12. Qc3 b6 13. h4 Bb7 14. Nf6+ Kh8 15. h5 g5 16. Nh2 Bxf6 17. exf6 Qc5 18. Qxc5 bxc5 19. Ng4 Nc6 20. Nxh6 Nd4 21. c3 Nf5 22. Nxf5 exf5 23. Rd7 Rad8 24. Rxc7 Be4 25. f3 Bd5 26. c4 Be6 27. Be2 Rd4 28. Rxc5 Rfd8 29. Rd1 f4 30. Rxd4 Rxd4 31. Rxg5 Bxc4 32. Bxc4 Rxc4+ 33. Kd2 1-0

[Event "Titled Tuesday intern op 13th Dec Early"]
[Site "Chess.com INT"]
[Date "2022.12.13"]
[Round "3"]
[White "Yirik, Volkan"]
[Black "Sprenar, Petr"]
[Result "0-1"]
[WhiteElo "1957"]
[BlackElo "2293"]
[PlyCount "46"]
[EventDate "2022.12.13"]
[EventType "swiss (blitz)"]
[EventRounds "11"]
[EventCountry "USA"]
[SourceTitle "EXT 2024"]
[Source "ChessBase"]
[SourceDate "2023.10.10"]
[SourceVersion "1"]
[SourceVersionDate "2023.10.10"]
[SourceQuality "1"]

1. e4 c5 2. Nc3 e6 3. Bc4 Nc6 4. f4 a6 5. a4 Nf6 6. e5 d5 7. exd6 Bxd6 8. d3 Qc7 9. Nge2 e5 10. 0-0 0-0 11. f5 e4 12. dxe4 Bxh2+ 13. Kh1 Be5 14. Bg5 h6 15. Bxf6 Bxf6 16. Nd5 Qe5 17. Nxf6+ Qxf6 18. Nc3 Ne5 19. Ba2 Qh4+ 20. Kg1 Ng4 21. Rf3 Qh2+ 22. Kf1 Qh1+ 23. Ke2 Qxg2+ 0-1

[Event "Titled Tuesday intern op 06th Dec Early"]
[Site "Chess.com INT"]
[Date "2022.12.06"]
[Round "1"]
[White "Yirik, Volkan"]
[Black "Czopor, Maciej"]
[Result "0-1"]
[WhiteElo "1957"]
[BlackElo "2412"]
[PlyCount "68"]
[EventDate "2022.12.06"]
[EventType "swiss (blitz)"]
[EventRounds "11"]
[EventCountry "USA"]
[SourceTitle "CBM 211 Extra"]
[Source "ChessBase"]
[SourceDate "2023.01.31"]
[SourceVersion "1"]
[SourceVersionDate "2023.01.31"]
[SourceQuality "1"]

1. e4 g6 2. Nc3 Bg7 3. d4 c6 4. Be3 d5 5. f3 Nf6 6. Bd3 0-0 7. e5 Ne8 8. Nge2 f6 9. f4 Nc7 10. 0-0 b6 11. Qd2 Bb7 12. Ng3 Nd7 13. Rae1 c5 14. b3 Ne6 15. Nce2 fxe5 16. fxe5 cxd4 17. Nxd4 Nxd4 18. Bxd4 e6 19. Qe3 Qc7 20. h4 Rxf1+ 21. Kxf1 Rf8+ 22. Kg1 Qd8 23. h5 Qh4 24. hxg6 Bh6 25. gxh7+ Kh8 26. Qf2 Rxf2 27. Bxf2 Qg5 28. Bb5 Nf8 29. Re2 Nxh7 30. Be3 Qxe3+ 31. Rxe3 Bxe3+ 32. Kf1 Bf4 33. Nh5 Bxe5 34. Bd7 Ng5 0-1

[Event "Titled Tuesday intern op 26th Jul Early"]
[Site "Chess.com INT"]
[Date "2022.07.26"]
[Round "1"]
[White "Yirik, Volkan"]
[Black "Al Tarbosh, Ward"]
[Result "0-1"]
[WhiteElo "1957"]
[BlackElo "2203"]
[PlyCount "56"]
[EventDate "2022.07.26"]
[EventType "swiss (blitz)"]
[EventRounds "11"]
[EventCountry "USA"]
[SourceTitle "EXT 2023"]
[Source "ChessBase"]
[SourceDate "2022.10.05"]
[SourceVersion "1"]
[SourceVersionDate "2022.10.05"]
[SourceQuality "1"]

1. e4 e6 2. Nc3 d5 3. d4 Nf6 4. exd5 exd5 5. Bd3 Bb4 6. Nge2 Bg4 7. h3 Bh5 8. 0-0 Nc6 9. g4 Bg6 10. Bg5 Qd7 11. Bxf6 gxf6 12. Nf4 Ne7 13. Qf3 0-0-0 14. Rae1 Kb8 15. Rxe7 Qxe7 16. Nfxd5 Qd6 17. Nxb4 Qxb4 18. Nd5 Qxd4 19. Nxf6 Bxd3 20. cxd3 Qxd3 21. Qf4 Qd4 22. Qf3 Rd6 23. Nh5 Qd5 24. Qc3 Rhd8 25. Nf4 Qd4 26. Qc1 Rc6 27. Qe3 Qxe3 28. fxe3 a5 0-1

[Event "Titled Tuesday intern op 07th Jun Early"]
[Site "Chess.com INT"]
[Date "2022.06.07"]
[Round "1"]
[White "Yirik, Volkan"]
[Black "Volkov, Maksim"]
[Result "0-1"]
[WhiteElo "1957"]
[BlackElo "2163"]
[PlyCount "80"]
[EventDate "2022.06.07"]
[EventType "swiss (blitz)"]
[EventRounds "11"]
[EventCountry "USA"]
[SourceTitle "CBM 208 Extra"]
[Source "ChessBase"]
[SourceDate "2022.07.31"]
[SourceVersion "1"]
[SourceVersionDate "2022.07.31"]
[SourceQuality "1"]

1. e4 c5 2. Nc3 d6 3. Bc4 Nf6 4. f4 Nc6 5. Nf3 e6 6. 0-0 Be7 7. d3 0-0 8. Qe1 d5 9. Bb3 Re8 10. e5 Nd7 11. Ne2 a5 12. c3 Nf8 13. Bc2 b5 14. Qg3 b4 15. d4 bxc3 16. bxc3 Ba6 17. Re1 cxd4 18. Nexd4 Nxd4 19. Nxd4 Qc7 20. Bd2 Bc5 21. Rac1 Rab8 22. Kh1 Rb2 23. Nb3 Ba3 24. Nd4 Rxa2 25. Ra1 Rxa1 26. Rxa1 Bc5 27. Nb3 Bb6 28. f5 exf5 29. Re1 a4 30. Nc1 a3 31. Bxf5 Bc4 32. Bb1 Ng6 33. h4 Rxe5 34. Rxe5 Qxe5 35. Qg4 h5 36. Qc8+ Kh7 37. Qd7 Qf6 38. Bg5 Qf1+ 39. Kh2 Bg1+ 40. Kh3 Bf2 0-1

[Event "Titled Tuesday intern op 31st May Early"]
[Site "Chess.com INT"]
[Date "2022.05.31"]
[Round "1"]
[White "Domingo Nunez, Ruben"]
[Black "Yirik, Volkan"]
[Result "1-0"]
[WhiteElo "2382"]
[BlackElo "1957"]
[PlyCount "111"]
[EventDate "2022.05.31"]
[EventType "swiss (blitz)"]
[EventRounds "11"]
[EventCountry "USA"]
[SourceTitle "CBM 208 Extra"]
[Source "ChessBase"]
[SourceDate "2022.07.31"]
[SourceVersion "1"]
[SourceVersionDate "2022.07.31"]
[SourceQuality "1"]

1. Nf3 Nf6 2. c4 g6 3. Nc3 Bg7 4. e4 0-0 5. d4 d6 6. Be2 e5 7. Be3 Nc6 8. 0-0 Re8 9. d5 Ne7 10. c5 Ng4 11. cxd6 cxd6 12. Bg5 h6 13. Bd2 f5 14. Ne1 Nf6 15. Rc1 fxe4 16. Qa4 Bd7 17. Qb3 a5 18. a4 Nf5 19. Nb5 Bxb5 20. Bxb5 Nd4 21. Qe3 Rf8 22. Bc4 Qd7 23. b3 Qg4 24. Bc3 Nh5 25. h3 Qf4 26. Nc2 Nf5 27. Qe2 Nh4 28. Bd2 Qf7 29. Qxe4 Nf4 30. Ne3 Rac8 31. Kh2 Nf5 32. g3 Nh5 33. Ng2 Ne7 34. Rce1 Nf6 35. Qd3 Kh7 36. f4 Nf5 37. fxe5 dxe5 38. Rxe5 Nd7 39. Rexf5 gxf5 40. Bf4 Ne5 41. Bxe5 Bxe5 42. Nh4 Kh8 43. Rxf5 Qh7 44. Ng6+ Kg7 45. Nxf8 Rxf8 46. Rxe5 Rf2+ 47. Kg1 Qxd3 48. Bxd3 Rf3 49. Be4 Rxg3+ 50. Kf2 Rxb3 51. d6 Rb2+ 52. Ke3 Rb6 53. Rd5 Kf6 54. d7 Rb3+ 55. Kf4 Rb1 56. d8Q+ 1-0

[Event "Titled Tuesday intern op 08th Feb Early"]
[Site "Chess.com INT"]
[Date "2022.02.08"]
[Round "2"]
[White "Lorparizangeneh, Shahin"]
[Black "Yirik, Volkan"]
[Result "0-1"]
[WhiteElo "2502"]
[BlackElo "1957"]
[PlyCount "138"]
[EventDate "2022.02.08"]
[EventType "swiss (blitz)"]
[EventRounds "11"]
[EventCountry "USA"]
[SourceTitle "CBM 206 Extra"]
[Source "ChessBase"]
[SourceDate "2022.03.31"]
[SourceVersion "1"]
[SourceVersionDate "2022.03.31"]
[SourceQuality "1"]

1. e4 g6 2. d4 Bg7 3. Nf3 c5 4. dxc5 Nc6 5. c3 Nf6 6. Bd3 0-0 7. 0-0 b6 8. cxb6 Qxb6 9. Na3 d5 10. exd5 Nxd5 11. Bxg6 hxg6 12. Qxd5 Be6 13. Qe4 Rfd8 14. Qh4 f6 15. Nc2 Bd5 16. Qg3 Kf7 17. Re1 e5 18. Nh4 Ne7 19. b3 g5 20. Nf3 Nf5 21. Qg4 Be6 22. Qh5+ Kg8 23. Bxg5 Bf7 24. Qg4 fxg5 25. Nxe5 Nh6 26. Qxg5 Qf6 27. Qxf6 Bxf6 28. Nd4 Bd5 29. Re3 Re8 30. Rae1 Kh7 31. h3 Bg7 32. f4 Re7 33. g4 Rf8 34. Nd3 Rc7 35. Nb5 Rb7 36. c4 Bc6 37. Re7 Rf7 38. Rxb7 Rxb7 39. Nd6 Rd7 40. c5 Bb5 41. Ne5 Rc7 42. Nxb5 Rxc5 43. Nxa7 Ra5 44. Nac6 Rxa2 45. b4 Rb2 46. Rd1 Bf8 47. Rd7+ Kh8 48. Rd8 Kg7 49. Rd7+ Kg8 50. Rb7 Bd6 51. Ng6 Nf7 52. b5 Bc5+ 53. Kf1 Nd6 54. Rb8+ Kg7 55. f5 Nxb5 56. Rb7+ Kf6 57. Nce5 Rb1+ 58. Kg2 Rb2+ 59. Kf3 Nd4+ 60. Kf4 Rxb7 61. g5+ Kg7 62. f6+ Kg8 63. f7+ Kg7 64. h4 Bd6 65. Ke4 Ne6 66. Kf5 Nf8 67. Nxf8 Kxf8 68. g6 Rb5 69. Kf6 Bxe5+ 0-1

[Event "Titled Tuesday intern op 30th Nov"]
[Site "Chess.com INT"]
[Date "2021.11.30"]
[Round "1"]
[White "Hjartarson, Johann"]
[Black "Yirik, Volkan"]
[Result "1-0"]
[WhiteElo "2483"]
[BlackElo "1957"]
[PlyCount "99"]
[EventDate "2021.11.30"]
[EventType "swiss (blitz)"]
[EventRounds "11"]
[EventCountry "USA"]
[SourceTitle "CBM 205 Extra"]
[Source "ChessBase"]
[SourceDate "2022.01.31"]
[SourceVersion "1"]
[SourceVersionDate "2022.01.31"]
[SourceQuality "1"]

1. e4 g6 2. d4 Bg7 3. Nf3 c5 4. d5 d6 5. Nc3 a6 6. a4 Bg4 7. Be2 Bxf3 8. Bxf3 Nd7 9. 0-0 Ngf6 10. Be2 0-0 11. Bg5 Ne8 12. Qd2 Nc7 13. f4 Rb8 14. Kh1 b5 15. axb5 axb5 16. e5 f6 17. exf6 exf6 18. Bh4 b4 19. Ne4 Nb6 20. f5 Kh8 21. Bg3 Ne8 22. c4 Qd7 23. Ra6 gxf5 24. Nf2 Nc7 25. Ra7 Ra8 26. Rxa8 Rxa8 27. b3 Nc8 28. Nd3 Ne7 29. Nf4 Bh6 30. Qc2 Bxf4 31. Bxf4 Rg8 32. Bd3 Ne8 33. Bh6 Rg6 34. Bf4 Ng7 35. Ra1 h5 36. Qe2 Kh7 37. g3 Ng8 38. Ra8 Nh6 39. Bxh6 Rxh6 40. Qe3 Rg6 41. h3 Rg5 42. Kh2 Qf7 43. Rd8 Qg6 44. Rxd6 h4 45. g4 Kh6 46. Qe7 Ne8 47. Qf8+ Ng7 48. Rxf6 Qxf6 49. Qxf6+ Rg6 50. Qxh4+ 1-0

[Event "Speed Chess GP3"]
[Site "Chess.com INT"]
[Date "2021.10.02"]
[Round "1"]
[White "Yirik, Volkan"]
[Black "Lysyj, Igor"]
[Result "0-1"]
[WhiteElo "1957"]
[BlackElo "2603"]
[PlyCount "54"]
[EventDate "2021.10.02"]
[EventType "swiss (blitz)"]
[EventRounds "10"]
[EventCountry "USA"]
[SourceTitle "CBM 204 Extra"]
[Source "ChessBase"]
[SourceDate "2021.11.30"]
[SourceVersion "1"]
[SourceVersionDate "2021.11.30"]
[SourceQuality "1"]

1. e4 e5 2. Nf3 Nc6 3. Nc3 Nf6 4. d4 exd4 5. Nxd4 Bb4 6. Nxc6 bxc6 7. Bd3 0-0 8. 0-0 d5 9. exd5 cxd5 10. Bg5 c6 11. Qf3 Bd6 12. h3 Rb8 13. Rab1 h6 14. Bf4 Rb4 15. Bxd6 Qxd6 16. a3 Rf4 17. Qd1 Rh4 18. Ne2 Nh5 19. f4 Nxf4 20. Nxf4 Rxf4 21. Qh5 Be6 22. Rxf4 Qxf4 23. Rf1 Qd4+ 24. Kh1 Qxb2 25. Rf3 Rb8 26. Rg3 Qc1+ 27. Kh2 Qf4 0-1

[Event "Titled Tuesday intern op 07th Sept"]
[Site "Chess.com INT"]
[Date "2021.09.07"]
[Round "3"]
[White "Macovei, Andrei"]
[Black "Yirik, Volkan"]
[Result "1-0"]
[WhiteElo "2453"]
[BlackElo "1957"]
[PlyCount "69"]
[EventDate "2021.09.07"]
[EventType "swiss (blitz)"]
[EventRounds "11"]
[EventCountry "USA"]
[SourceTitle "EXT 2022"]
[Source "ChessBase"]
[SourceDate "2021.10.06"]
[SourceVersion "1"]
[SourceVersionDate "2021.10.06"]
[SourceQuality "1"]

1. e4 c5 2. Nf3 d6 3. d4 cxd4 4. Qxd4 a6 5. Be2 Nc6 6. Qe3 g6 7. 0-0 Nf6 8. Rd1 Qa5 9. Nc3 Bg7 10. h3 0-0 11. Bd2 Qc7 12. Nd5 Nxd5 13. exd5 Ne5 14. Nxe5 Bxe5 15. c3 Bg7 16. Qg3 b5 17. a3 Bb7 18. Be3 Rac8 19. Bd4 Rfe8 20. Bxg7 Kxg7 21. Rd4 Qb8 22. Rad1 Qa8 23. h4 Kh8 24. h5 Rg8 25. Bf3 Rc5 26. Qg5 f6 27. Qe3 Rg7 28. hxg6 Rxg6 29. Qxe7 Rc8 30. Qxd6 Rcg8 31. Qf4 Qf8 32. g3 Qg7 33. Re1 Bc8 34. d6 Bh3 35. Re7 1-0

[Event "Titled Tuesday intern op 07th Sept"]
[Site "Chess.com INT"]
[Date "2021.09.07"]
[Round "1"]
[White "Yirik, Volkan"]
[Black "Rustemov, Alexander"]
[Result "1-0"]
[WhiteElo "1957"]
[BlackElo "2525"]
[PlyCount "137"]
[EventDate "2021.09.07"]
[EventType "swiss (blitz)"]
[EventRounds "11"]
[EventCountry "USA"]
[SourceTitle "EXT 2022"]
[Source "ChessBase"]
[SourceDate "2021.10.06"]
[SourceVersion "1"]
[SourceVersionDate "2021.10.06"]
[SourceQuality "1"]

1. e4 e6 2. Nc3 d5 3. d4 Bb4 4. exd5 exd5 5. Qf3 Qe7+ 6. Be3 Bxc3+ 7. bxc3 Qa3 8. Bd2 Nf6 9. Bd3 0-0 10. h3 Qb2 11. Rd1 Ne4 12. Ne2 Qxa2 13. 0-0 Nxd2 14. Rxd2 c6 15. Nf4 Nd7 16. Re1 Nf6 17. Nh5 Nxh5 18. Qxh5 g6 19. Qh6 Qa5 20. Re5 Qc7 21. Rh5 f5 22. Rh4 Qg7 23. Qg5 Qf6 24. Qh6 Qg7 25. Qg5 Bd7 26. Rh6 Qf6 27. Qf4 Rae8 28. h4 Qg7 29. Kh2 Re7 30. Re2 Rxe2 31. Bxe2 Bc8 32. Bf3 Qe7 33. Qg3 Kg7 34. Qf4 Rf6 35. g3 Qd6 36. Qg5 b5 37. h5 a5 38. Qd2 a4 39. hxg6 Rxg6 40. Rh4 a3 41. Bh5 Re6 42. Qg5+ Kf8 43. Qxf5+ Ke7 44. Rf4 Kd8 45. Qxh7 Bd7 46. Qh8+ Kc7 47. Qa8 Rh6 48. Qa7+ Kc8 49. Rf8+ Qxf8 50. Qa8+ Kc7 51. Qxf8 Rxh5+ 52. Kg2 Rf5 53. Qxa3 Rf7 54. Qa7+ Kd8 55. Qc5 Kc7 56. f3 Kb7 57. g4 Bc8 58. Kg3 Rd7 59. Qf8 Kc7 60. Qf4+ Kb7 61. g5 Re7 62. Qf6 Re6 63. Qf7+ Kb6 64. g6 Re1 65. Kf2 Rh1 66. g7 Rh2+ 67. Kg3 Rh1 68. Kg2 Rg1+ 69. Kxg1 1-0

[Event "Titled Tuesday intern op 10th Aug"]
[Site "Chess.com INT"]
[Date "2021.08.10"]
[Round "5"]
[White "Buker, Muhittin"]
[Black "Yirik, Volkan"]
[Result "0-1"]
[WhiteElo "1996"]
[BlackElo "1957"]
[PlyCount "70"]
[EventDate "2021.08.10"]
[EventType "swiss (blitz)"]
[EventRounds "11"]
[EventCountry "USA"]
[SourceTitle "CBM 203 Extra"]
[Source "ChessBase"]
[SourceDate "2021.09.30"]
[SourceVersion "1"]
[SourceVersionDate "2021.09.30"]
[SourceQuality "1"]

1. d4 Nf6 2. c4 c5 3. d5 b5 4. a4 b4 5. b3 g6 6. Bb2 Bg7 7. Nd2 d6 8. e4 0-0 9. Be2 e6 10. Ngf3 exd5 11. cxd5 Re8 12. Qc2 Nxe4 13. Nxe4 Bxb2 14. Qxb2 Rxe4 15. 0-0 Bg4 16. Rfe1 Nd7 17. h3 Bxf3 18. Bxf3 Rxe1+ 19. Rxe1 Ne5 20. Be2 Qf6 21. Qd2 Re8 22. Bb5 Re7 23. a5 g5 24. a6 Ng6 25. Rxe7 Qxe7 26. Kf1 Qe5 27. g3 h6 28. Kg2 Ne7 29. Bc4 Nf5 30. Qd1 Qe4+ 31. Qf3 Qe5 32. Qg4 Nd4 33. h4 f5 34. Qd1 Qe4+ 35. Kf1 Qh1# 0-1

[Event "Titled Tuesday intern op 10th Aug"]
[Site "Chess.com INT"]
[Date "2021.08.10"]
[Round "8"]
[White "Golubev, Mikhail"]
[Black "Yirik, Volkan"]
[Result "1/2-1/2"]
[WhiteElo "2461"]
[BlackElo "1957"]
[PlyCount "86"]
[EventDate "2021.08.10"]
[EventType "swiss (blitz)"]
[EventRounds "11"]
[EventCountry "USA"]
[SourceTitle "CBM 203 Extra"]
[Source "ChessBase"]
[SourceDate "2021.09.30"]
[SourceVersion "1"]
[SourceVersionDate "2021.09.30"]
[SourceQuality "1"]

1. e4 g6 2. d4 Bg7 3. c4 d6 4. Nc3 Nf6 5. Nf3 0-0 6. Be2 e5 7. 0-0 Nc6 8. d5 Nd4 9. Nxd4 exd4 10. Qxd4 Re8 11. Qd3 Nd7 12. Qc2 Nc5 13. f3 a5 14. Be3 b6 15. Qd2 f5 16. exf5 Bxf5 17. Bd4 Qh4 18. Bxg7 Kxg7 19. Rad1 Re7 20. Qd4+ Qxd4+ 21. Rxd4 Rae8 22. Rd2 Re3 23. Rfd1 h5 24. g3 Bh3 25. Kf2 R3e7 26. Rd4 Na4 27. R1d2 Nxc3 28. bxc3 Bf5 29. g4 hxg4 30. fxg4 Bb1 31. a3 Re3 32. Bd3 Bxd3 33. R4xd3 R3e4 34. Rd4 Re3 35. R4d3 R3e4 36. Rd4 Rf8+ 37. Kg2 Re3 38. R4d3 Rxd3 39. Rxd3 Rf4 40. Rd4 Rf7 41. Rd3 Rf4 42. Rd4 Rf7 43. Rd3 Rf4 1/2-1/2

[Event "Titled Tuesday intern op 10th Aug"]
[Site "Chess.com INT"]
[Date "2021.08.10"]
[Round "10"]
[White "Kornyukov, Alexey"]
[Black "Yirik, Volkan"]
[Result "0-1"]
[WhiteElo "2452"]
[BlackElo "1957"]
[PlyCount "60"]
[EventDate "2021.08.10"]
[EventType "swiss (blitz)"]
[EventRounds "11"]
[EventCountry "USA"]
[SourceTitle "CBM 203 Extra"]
[Source "ChessBase"]
[SourceDate "2021.09.30"]
[SourceVersion "1"]
[SourceVersionDate "2021.09.30"]
[SourceQuality "1"]

1. d4 Nf6 2. c4 c5 3. d5 b5 4. cxb5 a6 5. Nc3 axb5 6. e4 b4 7. Nb5 d6 8. Bc4 g6 9. Bf4 Bg7 10. Qe2 0-0 11. Nf3 Ba6 12. 0-0 Nbd7 13. Nxd6 exd6 14. Bxa6 Nxe4 15. Bb7 Ra7 16. Qxe4 Rxb7 17. Bxd6 Nf6 18. Qe5 Ne8 19. Qxg7+ Nxg7 20. Bxf8 Qxf8 21. Rac1 Nf5 22. Rfd1 Qd6 23. h3 Kg7 24. b3 Rc7 25. Rd2 h6 26. Re1 c4 27. bxc4 Rxc4 28. Red1 Rc5 29. Rd3 Ne7 30. Nd4 Rxd5 0-1

[Event "Titled Tuesday intern op 10th Aug"]
[Site "Chess.com INT"]
[Date "2021.08.10"]
[Round "2"]
[White "Maly, Alexey"]
[Black "Yirik, Volkan"]
[Result "1/2-1/2"]
[WhiteElo "2370"]
[BlackElo "1957"]
[PlyCount "73"]
[EventDate "2021.08.10"]
[EventType "swiss (blitz)"]
[EventRounds "11"]
[EventCountry "USA"]
[SourceTitle "CBM 203 Extra"]
[Source "ChessBase"]
[SourceDate "2021.09.30"]
[SourceVersion "1"]
[SourceVersionDate "2021.09.30"]
[SourceQuality "1"]

1. d4 Nf6 2. c4 c5 3. d5 b5 4. a4 b4 5. Nf3 d6 6. b3 g6 7. Bb2 Bg7 8. Nbd2 0-0 9. e4 a5 10. Qc2 e6 11. Bd3 exd5 12. cxd5 Bg4 13. 0-0 Nbd7 14. h3 Bxf3 15. Nxf3 Re8 16. Nd2 Ne5 17. f4 Nxd3 18. Qxd3 Nd7 19. Bxg7 Kxg7 20. Nc4 Nb6 21. Rae1 Nxc4 22. Qxc4 f6 23. Re2 Qd7 24. Rfe1 Re7 25. e5 fxe5 26. fxe5 dxe5 27. Rxe5 Rae8 28. Rxe7+ Rxe7 29. Rxe7+ Qxe7 30. Kf2 Qf6+ 31. Ke2 Qe5+ 32. Kf3 Qf6+ 33. Ke3 Qg5+ 34. Kf3 Qf6+ 35. Ke2 Qb2+ 36. Kf1 Qf6+ 37. Ke2 1/2-1/2

[Event "Titled Tuesday intern op 15th June"]
[Site "Chess.com INT"]
[Date "2021.06.15"]
[Round "1"]
[White "Yirik, Volkan"]
[Black "Khanin, Semen"]
[Result "0-1"]
[WhiteElo "1957"]
[BlackElo "2517"]
[PlyCount "52"]
[EventDate "2021.06.15"]
[EventType "swiss (blitz)"]
[EventRounds "11"]
[EventCountry "USA"]
[SourceTitle "CBM 203 Extra"]
[Source "ChessBase"]
[SourceDate "2021.09.30"]
[SourceVersion "1"]
[SourceVersionDate "2021.09.30"]
[SourceQuality "1"]

1. e4 c5 2. Nc3 Nc6 3. f4 g6 4. Bc4 Bg7 5. Nf3 e6 6. 0-0 Nge7 7. d3 d5 8. Bb3 0-0 9. Qe1 b5 10. Nxb5 Qb6 11. c4 Rd8 12. Rb1 Nb4 13. Qe2 Ba6 14. a4 Bb7 15. e5 a6 16. Nd6 Nf5 17. Nxb7 Qxb7 18. Bd2 Rab8 19. Bd1 Nc6 20. Bc3 Ncd4 21. Nxd4 cxd4 22. Ba5 Rdc8 23. cxd5 Qxd5 24. b4 Ne3 25. Rf2 Qxa5 26. bxa5 Rxb1 0-1

[Event "Titled Tuesday intern op 08th June"]
[Site "Chess.com INT"]
[Date "2021.06.08"]
[Round "1"]
[White "Drygalov, Sergey"]
[Black "Yirik, Volkan"]
[Result "1-0"]
[WhiteElo "2490"]
[BlackElo "1957"]
[PlyCount "109"]
[EventDate "2021.06.08"]
[EventType "swiss (blitz)"]
[EventRounds "11"]
[EventCountry "USA"]
[SourceTitle "CBM 202 Extra"]
[Source "ChessBase"]
[SourceDate "2021.07.31"]
[SourceVersion "1"]
[SourceVersionDate "2021.07.31"]
[SourceQuality "1"]

1. e4 c5 2. Nf3 d6 3. d4 cxd4 4. Nxd4 Nf6 5. Nc3 e6 6. g4 h6 7. Rg1 Nc6 8. Be3 a6 9. h4 h5 10. gxh5 Nxh5 11. Nxc6 bxc6 12. Bg5 Nf6 13. Qf3 Be7 14. 0-0-0 Qb6 15. Bc4 Bb7 16. Bb3 Qc7 17. Be3 Rg8 18. h5 0-0-0 19. Bg5 Nh7 20. Bf4 Nf6 21. Rd2 c5 22. Bg5 Nh7 23. Bxe7 Qxe7 24. Qe3 Nf6 25. e5 dxe5 26. Rxd8+ Rxd8 27. Qxe5 Ne8 28. Na4 Qc7 29. Qxc7+ Kxc7 30. Nxc5 Bc8 31. a4 Kb6 32. Ne4 Bb7 33. Ng5 Rd7 34. Bc4 Nd6 35. Bd3 Bc6 36. b3 Ne8 37. Ne4 Bxe4 38. Bxe4 f5 39. Bf3 Nf6 40. Rg6 Rf7 41. b4 Kc7 42. a5 e5 43. Be2 e4 44. Bxa6 Nxh5 45. Bc4 Re7 46. a6 Nf4 47. Rg3 Kb6 48. Kd2 Rc7 49. Bf1 Nd5 50. Rg6+ Ka7 51. b5 Nb6 52. c4 Nxc4+ 53. Bxc4 Rxc4 54. Rxg7+ Kb6 55. Rb7+ 1-0

[Event "Titled Tuesday intern op 01st June"]
[Site "Chess.com INT"]
[Date "2021.06.01"]
[Round "4"]
[White "Yirik, Volkan"]
[Black "Molina, Roberto Junio Brito"]
[Result "0-1"]
[WhiteElo "1957"]
[BlackElo "2434"]
[PlyCount "102"]
[EventDate "2021.06.01"]
[EventType "swiss (blitz)"]
[EventRounds "11"]
[EventCountry "USA"]
[SourceTitle "CBM 202 Extra"]
[Source "ChessBase"]
[SourceDate "2021.07.31"]
[SourceVersion "1"]
[SourceVersionDate "2021.07.31"]
[SourceQuality "1"]

1. e4 c6 2. Nc3 d5 3. d4 dxe4 4. f3 exf3 5. Nxf3 Bg4 6. Bd3 e6 7. Be3 Nf6 8. Qe2 Nbd7 9. 0-0-0 Qa5 10. Kb1 Bb4 11. Bd2 Nd5 12. Nxd5 cxd5 13. c3 Bd6 14. h3 Bh5 15. g4 Bg6 16. Bxg6 hxg6 17. Ng5 Be7 18. Nxe6 fxe6 19. Qxe6 Nf6 20. Rde1 Ne4 21. Qxg6+ Kd8 22. Bc1 Qb6 23. Qxg7 Kd7 24. Ka1 Qe6 25. c4 Rag8 26. cxd5 Qxd5 27. Qe5 Qxe5 28. dxe5 Nc5 29. Be3 Ke6 30. Bd4 b6 31. Bc3 Nd3 32. Re3 Nf4 33. Rg3 Ne2 34. Re3 Nxc3 35. Rxc3 Rxg4 36. Re1 Rgh4 37. Ree3 Bc5 38. Rf3 Kxe5 39. a3 a5 40. Ka2 R8h7 41. Rcd3 Re4 42. Rb3 a4 43. Rbd3 Rd4 44. Rc3 Kd5 45. Rf5+ Kc6 46. Rf6+ Kb5 47. Rff3 Rd2 48. Rfd3 Rh2 49. Rf3 Rg7 50. Rg3 Re7 51. Rc1 Ree2 0-1

[Event "Titled Tuesday intern op 01st June"]
[Site "Chess.com INT"]
[Date "2021.06.01"]
[Round "1"]
[White "Yirik, Volkan"]
[Black "Ter Sahakyan, Samvel"]
[Result "0-1"]
[WhiteElo "1957"]
[BlackElo "2645"]
[PlyCount "70"]
[EventDate "2021.06.01"]
[EventType "swiss (blitz)"]
[EventRounds "11"]
[EventCountry "USA"]
[SourceTitle "CBM 202 Extra"]
[Source "ChessBase"]
[SourceDate "2021.07.31"]
[SourceVersion "1"]
[SourceVersionDate "2021.07.31"]
[SourceQuality "1"]

1. e4 c5 2. Nc3 d6 3. f4 g6 4. Nf3 Bg7 5. Bc4 Nc6 6. 0-0 e6 7. d3 Nge7 8. Qe1 0-0 9. f5 gxf5 10. Qh4 Ne5 11. Nxe5 dxe5 12. Bg5 f6 13. Bh6 Ng6 14. Qh5 f4 15. Kh1 Qe7 16. g3 Bxh6 17. Qxh6 Bd7 18. Qh3 Kh8 19. a4 f5 20. Bb5 fxg3 21. Bxd7 Qxd7 22. hxg3 f4 23. Ne2 Rf6 24. Rf3 Raf8 25. Raf1 Qxa4 26. gxf4 Qxc2 27. R1f2 exf4 28. Nd4 Qb1+ 29. Rf1 Qa2 30. Ne2 Qxb2 31. R1f2 e5 32. Kh2 Qb6 33. Nc3 Nh4 34. Nd5 Nxf3+ 35. Qxf3 Rh6+ 0-1